| 000 | 00411nam a2200181Ia 4500 | ||
|---|---|---|---|
| 005 | 20250423101026.0 | ||
| 008 | 250422s9999 xx 000 0 und d | ||
| 020 | _a0-439-65019-4 | ||
| 050 | _aPZ7.H67562/ | ||
| 100 | _aMary Hoffman | ||
| 245 | 0 | _aStravaganza City Of Masks | |
| 260 | _aNew York | ||
| 260 | _bScholastic Inc | ||
| 260 | _c2002 | ||
| 300 | _a344 p | ||
| 650 | _aLiterature | ||
| 942 | _cBK | ||
| 999 |
_c35058 _d35058 |
||